| 000 | 01509nam a2200397Ii 4500 | ||
|---|---|---|---|
| 001 | DIGVEDIV0500 | ||
| 003 | NyNyDIG | ||
| 008 | 230705s2021 sp o 000 0 spa d | ||
| 006 | m o d | ||
| 007 | cr ||||||||||| | ||
| 035 | _a(OCoLC)1391273177 | ||
| 040 |
_aDGITA _beng _erda _epn _cDGITA |
||
| 020 |
_a9788490737040 _qeBook |
||
| 050 | 1 | 4 | _aBT205 ebook |
| 100 | 1 |
_aMontero Fenollós, Juan Luis, _eauthor. |
|
| 245 | 1 | 0 |
_aJesús de Nazaret / _cJuan Luis Montero Fenollós [and 6 others]. |
| 264 | 1 |
_aEstella (Navarra), España : _bEVD, Editorial Verbo Divino, _c[2021] |
|
| 300 | _a1 online resource. | ||
| 336 |
_atext _btxt _2rdacontent |
||
| 337 |
_acomputer _bc _2rdamedia |
||
| 338 |
_aonline resource _bcr _2rdacarrier |
||
| 347 |
_atext file _2rdaft |
||
| 347 | _bPDF | ||
| 490 | 1 |
_aReseña bíblica, _x1134-5233 ; _vno 109 |
|
| 588 | 0 | _aOnline resource; title from PDF title page (Digitalia, viewed July 5, 2023) | |
| 600 | 0 | 0 |
_aJesus Christ _xHistoricity. |
| 600 | 0 | 0 |
_aJesus Christ _xCharacter. |
| 650 | 0 |
_aChristianity _xHistory. |
|
| 791 | 2 |
_aDigitalia (Firm), _edistributor. |
|
| 793 | 0 |
_gDigitalia eBook Collection: _aEditorial Verbo Divino |
|
| 776 | 0 | 8 |
_iPrint version: _aMontero Fenollós, Juan Luis. _tJesús de Nazaret. _dEstella (Navarra), España : EVD, Editorial Verbo Divino, [2021] |
| 830 | 0 |
_aReseña bíblica ; _vno 109. |
|
| 856 | 4 | 0 |
_3Digitalia Hispánica _uhttps://www.digitaliapublishing.com/a/112004/ |
| 910 | _aPremium collection: 2023 | ||
| 942 | _cRAA | ||
| 999 |
_c273637 _d273637 |
||